00589nas a22001697a 4500008004100000245004300041260007600084300000900160440005500169546001400224590003300238590003500271650003500306856005100341942001200392999001500404130426t20069999ag ||||| |||| 00| 0 spa d aColeccion Acontecimientos Terapeuticos aBuenos Aires,bSociedad Iberoamericana de Informacion Cientifica:c2006 av. : aAvances en el tratamiento de la Osteoporosis92076 aespañol aIndizada en: SIIC Data Bases aExistencias: 2006 (1 ejemplar) aOSTEOPOROSIS-TRATAMIENTO92075 uhttp://www.siicsalud.com/lmr/siicdatabases.php 2ddccCR c1349d1349